| 000 | 00636nam a2200169 a 4500 | ||
|---|---|---|---|
| 005 | 20210219154648.0 | ||
| 008 | 031008s2001 mx r 000 0 spa d | ||
| 035 | _aUPN01000129767 | ||
| 049 | _aCG | ||
| 050 | 4 |
_aHQ1240 _bD4.7 |
|
| 245 | 0 | 3 |
_aEl desarrollo rural : _bun camino desde las mujeres : género, poder, ciudadanía y sustentabilidad / _ccoord. Ma. de Lourdes García Acevedo. |
| 260 |
_aMéxico : _bRed Nacional de Asesoras y Promotoras Rurales : _bMujeres para el Diálogo, _c2001. |
||
| 300 | _a184 p. | ||
| 650 | 4 | _aMUJERES EN EL DESARROLLO RURAL | |
| 700 | 1 |
_aGarcía Acevedo, María de Lourdes, _ecoord. |
|
| 905 | _aLibro | ||
| 999 |
_c101924 _d101924 |
||